Statistics for Every UEFA Europa Conference League Goalscorer 2022/23

Click here to take the quiz!

General Stats

  • This quiz has been taken 81 times
    (14 since last reset)
  • The average score is 16 of 214

Answer Stats

TeamGoalsNationalitityPlayer% Correct
LAZIO1ItalianCiro Immobile
73%
WEST HAM4EnglishJarrod Bowen
64%
WEST HAM6JamaicanMichail Antonio
64%
WEST HAM3ItalianGianluca Scamacca
55%
WEST HAM1BrazilianLucas Paquetá
55%
FIORENTINA3ArgentinianNicolás González
55%
WEST HAM1EnglishDeclan Rice
45%
LAZIO1BrazilianFelipe Anderson
45%
FIORENTINA6SerbianLuka Jović
45%
WEST HAM2AlgerianSaïd Benrahma
45%
NICE3NigerianTerem Moffi
45%
AZ ALKMAAR5GreekVangelis Pavlidis
45%
FIORENTINA7BrazilianArthur Cabral
36%
WEST HAM1ItalianEmerson Palmieri
36%
APOLLON LIMASSOL1PortugueseEuclides Cabral
36%
GENT5NigerianGift Orban
36%
WEST HAM2ArgentinianManuel Lanzini
36%
VILLARREAL1SenegaleseNicolas Jackson
36%
FIORENTINA1SerbianNikola Milenković
36%
LAZIO1SpanishPedro Rodríguez
36%
WEST HAM1EnglishDanny Ings
27%
ANDERLECHT1PortugueseFábio Silva
27%
WEST HAM2SpanishPablo Fornals
27%
VILLARREAL2NigerianSamuel Chukwueze
27%
BRAGA1PortugueseAndré Castro
18%
NICE1AlgerianAndy Delort
18%
İSTANBUL BAŞAKŞEHIR1BurkinabeBertrand Traoré
18%
WEST HAM1EnglishCraig Dawson
18%
MOLDE2IvorianDavid Fofana
18%
WEST HAM1EnglishDivin Mubama
18%
NICE3FrenchGaëtan Laborde
18%
FIORENTINA1FrenchJonathan Ikoné
18%
AZ ALKMAAR2HungarianMilos Kerkez
18%
NICE2IvorianNicolas Pépé
18%
AZ ALKMAAR1JapaneseYukinari Sugawara
18%
İSTANBUL BAŞAKŞEHİR1BelgianAdnan Januzaj
9%
SLOVAN BRATISLAVA4SerbianAleksandar Čavrić
9%
BRAGA1SpanishÁlvaro Djaló
9%
ANDERLECHT1DanishAnders Dreyer
9%
FCSB1ItalianAndrea Compagno
9%
FCSB1RomanianAndrei Cordea
9%
FIORENTINA4CzechAntonín Barák
9%
ANDERLECHT1BelgianBenito Raman
9%
PARTIZAN BEOGRAD1IsraeliBibras Natcho
9%
FIORENTINA1IvorianChristian Kouamé
9%
CFR CLUJ1RomanianCiprian Deac
9%
AZ ALKMAAR3DutchDani de Wit
9%
KÖLN2AustrianDejan Ljubičić
9%
PARTIZAN BEOGRAD4MalianFousseni Diabaté
9%
FIORENTINA2ItalianGaetano Castrovilli
9%
FIORENTINA1ItalianGiacomo Bonaventura
9%
GENT6BelgianHugo Cuypers
9%
APOLLON LIMASSOL1CypriotIoannis Pittas
9%
ANDERLECHT1AlgerianIslam Slimani
9%
ANDERLECHT1BelgianJan Vertonghen
9%
BASEL1FrenchJean-Kévin Augustin
9%
AZ ALKMAAR2SwedishJesper Karlsson
9%
NICE1EnglishJoseph Bryan
9%
FCSB1CameroonianJoyskim Dawa
9%
SLOVAN BRATISLAVA2SlovakianJuraj Kucka
9%
ANDERLECHT1GhanaianMajeed Ashimeru
9%
NICE1GaboneseMario Lemina
9%
ANDERLECHT1PanamanianMichael Murillo
9%
SHERIFF TIRASPOL1SenegaleseMouhamed Diop
9%
AZ ALKMAAR1DutchMyron Van Brederode
9%
KÖLN2SlovakianOndrej Duda
9%
SLAVIA PRAHA2NigerianPeter Olayinka
9%
PARTIZAN BEOGRAD1DutchQueensy Menig
9%
PARTIZAN BEOGRAD5Cape VerdianRicardo Gomes
9%
ANDERLECHT1ItalianSebastiano Esposito
9%
NICE1FrenchSofiane Diop
9%
PARTIZAN BEOGRAD1SerbianSvetozar Marković
9%
GENT1BelgianVadis Odjidja-Ofoe
9%
SLOVAN BRATISLAVA1SlovakianVladimír Weiss
9%
ANDERLECHT2BelgianYari Verschaeren
9%
BASEL6SwissZeki Amdouni
9%
SHERIFF TIRASPOL1BurkinabeAbdoul Tapsoba
0%
LECH POZNAŃ1PortugueseAfonso Sousa
0%
HEARTS1ScottishAlan Forrest
0%
VILLARREAL4SpanishÁlex Baena
0%
DJURGÅRDENS1GuineanAmadou Doumbouya
0%
SILKEBORG2DanishAnders Klynge
0%
BASEL5SwissAndi Zeqiri
0%
RFS1SerbianAndrej Ilić
0%
GENT1DanishAndrew Hjulsager
0%
BASEL3FrenchAndy Diouf
0%
HEARTS1ScottishAndy Halliday
0%
AEK LARNACA1SpanishÁngel García
0%
VADUZ1FrenchAnthony Goelzer
0%
LECH POZNAŃ1CroatianAntonio Milić
0%
BASEL1GermanAnton Kade
0%
PYUNIK1ArmenianAras Özbiliz
0%
BALLKANI1KosovanArbër Potoku
0%
BALLKANI3KosovanArmend Thaqi
0%
VILLARREAL2DutchArnaut Danjuma
0%
PYUNIK2ArmenianArtak Dashyan
0%
DNIPRO-15UkrainianArtem Dovbyk
0%
LECH POZNAŃ1PolishArtur Sobiech
0%
NICE1FrenchAyoub Amraoui
0%
İSTANBUL BAŞAKŞEHIR2TurkishBerkay Özcan
0%
NICE1AlgerianBilal Brahimi
0%
GENT1BelgianBruno Godeau
0%
AUSTRIA WIEN1AustrianCan Keles
0%
SHERIFF TIRASPOL1BurkinabeCedric Badolo
0%
VADUZ1SwissCedric Gasser
0%
FIORENTINA1ItalianChristiano Biraghi
0%
İSTANBUL BAŞAKŞEHIR1SerbianDanijel Aleksić
0%
BASEL3SwissDarian Males
0%
KÖLN1GermanDenis Huseinbašić
0%
İSTANBUL BAŞAKŞEHIR1TurkishDeniz Türüç
0%
SIVASSPOR1IsraeliDia Saba
0%
VADUZ1SwissElmin Rastoder
0%
MOLDE1NorwegianEmil Breivik
0%
DJURGÅRDENS2ZambianEmmanuel Banda
0%
SIVASSPOR2TurkishErdoğan Yeşilyurt
0%
SLOVAN BRATISLAVA1VenezuelanÉric Ramírez
0%
BALLKANI2KosovanErmal Krasniqi
0%
MOLDE1NorwegianEtzaz Hussain
0%
PYUNIK1MoldovanEugeniu Cociuc
0%
ŽALGIRIS VILNIUS1FrenchFabien Ourega
0%
VADUZ1SwissFabio Fehr
0%
LECH POZNAŃ2PolishFilip Marchwiński
0%
LECH POZNAŃ1PolishFilip Szymczak
0%
KÖLN1GermanFlorian Dietz
0%
VILLARREAL1FrenchFrancis Coquelin
0%
ŽALGIRIS VILNIUS1GhanaianFrancis Kyeremeh
0%
SIVASSPOR1NorwegianFredrik Ulvestad
0%
SLOVAN BRATISLAVA1GeorgianGuram Kashia
0%
DJURGÅRDENS2NorwegianGustav Wikheim
0%
SIVASSPOR1TurkishHakan Arslan
0%
DJURGÅRDENS1BosnianHaris Radetinac
0%
İSTANBUL BAŞAKŞEHIR1TurkishHasan Ali Kaldirim
0%
GENT1KoreanHong Hyeon-Seok
0%
LUDOGORETS2BrazilianIgor Thiago
0%
HAPOEL BEER-SHEVA1IsraeliItay Shechter
0%
SLOVÁCKO3CzechJan Kalabiška
0%
AZ ALKMAAR2DanishJens Odgaard
0%
TRABZONSPOR1DanishJens Stryger Larsen
0%
DJURGÅRDENS2SwedishJoel Asoro
0%
VILLARREAL4SpanishJosé Luis Morales
0%
PYUNIK1BrazilianJuninho
0%
SLOVAN BRATISLAVA1CzechJurij Medveděv
0%
DJURGÅRDENS1SwedishKarl Holmberg
0%
SIVASSPOR1PolishKarol Angielski
0%
BASEL1GhanaianKasim Adams Nuhu
0%
SILKEBORG3DanishKasper Kusk
0%
RFS1AustrianKevin Friesenbichler
0%
MOLDE1NorwegianKristian Eriksen
0%
LECH POZNAŃ5NorwegianKristoffer Velde
0%
GENT1BelgianLaurent Depoitre
0%
HEARTS2ScottishLawrence Shankland
0%
SLOVÁCKO1CzechLibor Kozák
0%
ANDERLECHT1IsraeliLior Refaelov
0%
PYUNIK1BosnianLuka Juričić
0%
SLAVIA PRAHA1CzechLukáš Masopust
0%
SLOVAN BRATISLAVA1SlovakianLukáš Pauschek
0%
DJURGÅRDENS1SwedishMagnus Eriksson
0%
SLOVAN BRATISLAVA2GhanaianMalik Abubakari
0%
VILLARREAL1SpanishManu Trigueros
0%
DJURGÅRDENS1SwedishMarcus Danielson
0%
MOLDE1NorwegianMarkus Kaasa
0%
ŽALGIRIS VILNIUS3NigerianMathias Oyewusi
0%
AUSTRIA WIEN1AustrianMatthias Braunoder
0%
SIVASSPOR3IvorianMax Gradel
0%
BALLKANI2KosovanMeriton Korenica
0%
LECH POZNAŃ5PolishMichał Skóraś
0%
SLOVÁCKO1SlovakianMichal Tomič
0%
LECH POZNAŃ5SwedishMikael Ishak
0%
SLOVÁCKO1CzechMilan Petržela
0%
SIVASSPOR3MalianMustapha Yatabaré
0%
CFR CLUJ1GhanaianNana Boateng
0%
HEARTS1AustralianNathaniel Atkinson
0%
SILKEBORG1DanishNicklas Helenius
0%
VADUZ1LiechtensteinerNicolas Hasler
0%
LECH POZNAŃ1GeorgianNika Kvekveskiri
0%
MOLDE3NorwegianOla Brynhildsen
0%
DNIPRO-12UkrainianOleksandr Pikhalyonok
0%
SLAVIA PRAHA1CzechOndřej Lingr
0%
SLOVÁCKO1CzechOndřej Mihalík
0%
QARABAĞ1Cape VerdianPatrick Andrade
0%
APOLLON LIMASSOL1DutchPatrick Joosten
0%
SLOVÁCKO1CzechPetr Reinberk
0%
HAPOEL BEER-SHEVA1IsraeliRamzi Safuri
0%
CFR CLUJ1CuraçaoanRangelo Janga
0%
BASEL1ItalianRiccardo Calafiori
0%
FIORENTINA2ItalianRiccardo Saponara
0%
FIORENTINA1ItalianRiccardo Sottil
0%
FIORENTINA2ItalianRolando Mandragora
0%
SHAMROCK ROVERS1IrishRory Gaffney
0%
HAPOEL BEER-SHEVA1IsraeliRotem Hatuel
0%
HAPOEL BEER-SHEVA2IsraeliSagiv Jehezkel
0%
AZ ALKMAAR1DutchSam Beukema
0%
KÖLN1ArmenianSargis Adamyan
0%
SILKEBORG2DanishSebastian Jørgensen
0%
İSTANBUL BAŞAKŞEHIR3TurkishSerdar Gürler
0%
SILKEBORG2DanishSøren Tengstedt
0%
İSTANBUL BAŞAKŞEHIR3ItalianStefano Okaka
0%
SILKEBORG1IcelandicStefán Þórðarson
0%
KÖLN1GermanSteffen Tigges
0%
HEARTS1EnglishStephen Humphrys
0%
GENT1BelgianSven Kums
0%
AZ ALKMAAR1DutchTijani Reijnders
0%
HAPOEL BEER-SHEVA2IsraeliTomer Hemed
0%
SILKEBORG1DanishTonni Adamsen
0%
APOLLON LIMASSOL2CypriotValentin Roberge
0%
DNIPRO-11UkrainianValentyn Rubchynsky
0%
DJURGÅRDENS1SwedishVictor Edvardsen
0%
BASEL2DutchWouter Burger
0%
DNIPRO-11AlgerianYanis Hamache
0%
İSTANBUL BAŞAKŞEHIR2BurundianYoussouf Ndayishimiye
0%
CFR CLUJ2BrazilianYuri Matias
0%
AZ ALKMAAR1TurkishYusuf Barasi
0%
PYUNIK2NigerianYusuf Otubanjo
0%

Score Distribution

Percentile by Number Answered

Percent of People with Each Score

Your Score History

You have not taken this quiz since the last reset